[Event "IECC CL6-2009.04 email"]
[Site "IECC email"]
[Date "2009.03.24"]
[Round "?"]
[White "Doyle, Stephen"]
[Black "D'Aragona, Vittoria"]
[Result "1-0"]
[WhiteElo "1408"]
[BlackElo "1213"]
[PlyCount "58"]
[EventDate "2009.??.??"]
[EventType "tourn (corr)"]
[EventRounds "4"]
[SourceTitle "Corr 2011"]
[Source "ChessBase"]
[SourceDate "2010.08.31"]
[SourceVersion "1"]
[SourceVersionDate "2010.08.31"]
[SourceQuality "1"]
[WhiteTeam "Ireland"]
[BlackTeam "Italy"]
[WhiteTeamCountry "IRL"]
[BlackTeamCountry "ITA"]

1. e4 e6 2. d4 d5 3. Nc3 Nf6 4. Bg5 dxe4 5. Nxe4 Be7 6. Bxf6 Bxf6 7. Nf3 Be7 8. c3 0-0 9. Bd3 f5 10. Ned2 c5 11. 0-0 Nc6 12. Nb3 cxd4 13. Nbxd4 Nxd4 14. Nxd4 Bf6 15. Bc4 Qb6 16. Qe2 Bxd4 17. cxd4 Qxd4 18. Rad1 Qf6 19. f4 Re8 20. Rd6 a6 21. a4 Rd8 22. Rxd8+ Qxd8 23. Rd1 Qf6 24. a5 h6 25. Rd6 Qe7 26. Qe5 Qc7 27. b3 Kh7 28. Rxe6 Qxe5 29. Rxe5 Bd7 1-0

[Event "IECC KO email"]
[Site "IECC email"]
[Date "2002.09.07"]
[Round "?"]
[White "Doyle, Stephen"]
[Black "Hutton, Andrew D"]
[Result "1-0"]
[WhiteElo "1468"]
[BlackElo "1309"]
[PlyCount "79"]
[EventDate "2002.??.??"]
[EventType "tourn (corr)"]
[EventRounds "6"]
[SourceTitle "Corr 2008"]
[Source "ChessBase"]
[SourceDate "2008.06.24"]
[SourceVersion "1"]
[SourceVersionDate "2008.06.24"]
[SourceQuality "1"]

1. e4 c5 2. Nf3 d6 3. d4 cxd4 4. Nxd4 Nf6 5. Nc3 g6 6. Bb5+ Bd7 7. 0-0 Bg7 8. Be3 0-0 9. f3 e5 10. Nb3 Ne8 11. Qe2 Nc6 12. Rad1 a6 13. Bc4 b5 14. Bd5 Qc7 15. a4 b4 16. Na2 a5 17. c3 Rb8 18. Rc1 Qd8 19. Bxc6 Bxc6 20. cxb4 Bxa4 21. Nxa5 Bb5 22. Qd2 Qd7 23. Rfd1 Rc8 24. Rxc8 Qxc8 25. Rc1 Qb8 26. Nc3 Nf6 27. Nxb5 Qxb5 28. Qxd6 Re8 29. Nc6 Kh8 30. Nd8 Kg8 31. Kf2 Nd7 32. Nxf7 Bf8 33. Nh6+ Kg7 34. Qc7 Bxb4 35. Rd1 Re7 36. Bg5 Nf6 37. Bxf6+ Kxf6 38. Rd6+ Bxd6 39. Qxd6+ Re6 40. Qf8+ 1-0

[Event "IECC KO email"]
[Site "IECC email"]
[Date "2002.09.07"]
[Round "?"]
[White "Hutton, Andrew D"]
[Black "Doyle, Stephen"]
[Result "0-1"]
[WhiteElo "1302"]
[BlackElo "1460"]
[PlyCount "62"]
[EventDate "2002.??.??"]
[EventType "tourn (corr)"]
[EventRounds "6"]
[SourceTitle "Corr 2008"]
[Source "ChessBase"]
[SourceDate "2008.06.24"]
[SourceVersion "1"]
[SourceVersionDate "2008.06.24"]
[SourceQuality "1"]

1. e4 e5 2. Nf3 Nc6 3. Bb5 a6 4. Ba4 Bc5 5. 0-0 Nf6 6. c3 0-0 7. d4 Bb6 8. Bg5 exd4 9. e5 dxc3 10. Nxc3 h6 11. Bxf6 gxf6 12. exf6 Qxf6 13. Re1 d6 14. Re2 Bg4 15. Nd5 Qg7 16. Kh1 Bxf3 17. gxf3 Kh8 18. Nxb6 Rg8 19. Qf1 cxb6 20. Qh3 b5 21. Bc2 Nd4 22. Rd2 Nxc2 23. Rxc2 Rae8 24. Rcc1 Re6 25. b3 Qb2 26. Qf1 Rf6 27. Qh3 Qxf2 28. Rf1 Qb2 29. f4 Qc2 30. Qf3 Rxf4 31. Qh3 Qc6+ 0-1

[Event "IECC CL5-2002.18"]
[Site "IECC email"]
[Date "2002.09.02"]
[Round "?"]
[White "Sveinsson, Jon Arni"]
[Black "Doyle, Stephen"]
[Result "1-0"]
[WhiteElo "1591"]
[BlackElo "1481"]
[PlyCount "79"]
[EventDate "2002.??.??"]
[EventType "tourn (corr)"]
[EventRounds "4"]
[SourceTitle "Corr 2008"]
[Source "ChessBase"]
[SourceDate "2008.06.24"]
[SourceVersion "1"]
[SourceVersionDate "2008.06.24"]
[SourceQuality "1"]

1. d4 d5 2. c4 dxc4 3. Nc3 Nf6 4. e4 e5 5. d5 b5 6. Nxb5 Nxe4 7. Nc3 Nxc3 8. bxc3 Ba6 9. Nf3 f6 10. Be3 c6 11. dxc6 Nxc6 12. Qa4 Qc8 13. Nd2 Be7 14. Nxc4 0-0 15. Nd6 Bxd6 16. Bxa6 Qc7 17. 0-0 Rab8 18. Qc4+ Kh8 19. Rad1 Rfd8 20. a4 Ne7 21. Qxc7 Bxc7 22. Bxa7 Ra8 23. Rxd8+ Bxd8 24. Rd1 Ba5 25. Rb1 g6 26. Rb8+ Rxb8 27. Bxb8 Nc6 28. Bd6 Bxc3 29. Bb7 Na5 30. Bd5 f5 31. Bf8 h5 32. f3 Kh7 33. h4 Be1 34. Be7 Kg7 35. Kf1 Bd2 36. Ke2 Bc3 37. g3 f4 38. Kd3 Be1 39. gxf4 exf4 40. Kd4 1-0

[Event "IECC P email"]
[Site "IECC email"]
[Date "2002.08.29"]
[Round "?"]
[White "Patterson, Eddie"]
[Black "Doyle, Stephen"]
[Result "1/2-1/2"]
[WhiteElo "1000"]
[BlackElo "1470"]
[PlyCount "71"]
[EventDate "2002.??.??"]
[EventType "tourn (corr)"]
[EventRounds "6"]
[SourceTitle "Corr 2008"]
[Source "ChessBase"]
[SourceDate "2008.06.24"]
[SourceVersion "1"]
[SourceVersionDate "2008.06.24"]
[SourceQuality "1"]

1. c4 e5 2. Nc3 Nf6 3. g3 c6 4. Bg2 d5 5. cxd5 cxd5 6. Qb3 Nc6 7. Nxd5 Nd4 8. Nxf6+ gxf6 9. Qd3 Bf5 10. Be4 Bxe4 11. Qxe4 Qc7 12. Kf1 f5 13. Qd3 Bg7 14. e3 Qc6 15. exd4 Qxh1 16. dxe5 0-0 17. Qf3 Qxf3 18. Nxf3 f6 19. d4 fxe5 20. dxe5 Rfe8 21. Bf4 Rac8 22. Re1 Rc2 23. Re2 Rxe2 24. Kxe2 Kf7 25. b4 Ke6 26. h4 Kd5 27. Kd3 a5 28. bxa5 Ra8 29. Bd2 Bxe5 30. Nxe5 Kxe5 31. Bc3+ Kd5 32. h5 Re8 33. a3 Kc5 34. Bd2 Re6 35. Bb4+ Kb5 36. f3 1/2-1/2

[Event "IECC P email"]
[Site "IECC email"]
[Date "2002.01.04"]
[Round "?"]
[White "Doyle, Stephen"]
[Black "De Baere, David"]
[Result "0-1"]
[WhiteElo "1502"]
[BlackElo "1707"]
[PlyCount "74"]
[EventDate "2002.??.??"]
[EventType "tourn (corr)"]
[EventRounds "6"]
[SourceTitle "Corr 2008"]
[Source "ChessBase"]
[SourceDate "2008.06.24"]
[SourceVersion "1"]
[SourceVersionDate "2008.06.24"]
[SourceQuality "1"]

1. e4 e5 2. Nf3 Nc6 3. Bc4 Bc5 4. Nc3 Nf6 5. d3 d6 6. Bg5 h6 7. Bxf6 Qxf6 8. Nd5 Qd8 9. c3 a6 10. d4 exd4 11. cxd4 Ba7 12. 0-0 Bg4 13. Ne3 Bxf3 14. Qxf3 Qd7 15. Nf5 Bxd4 16. Qg3 g6 17. Nxd4 Nxd4 18. Rad1 c5 19. b4 Qe7 20. Rd2 a5 21. bxc5 dxc5 22. Bd5 Rd8 23. Rb1 b5 24. Rxd4 cxd4 25. Rxb5 Qd6 26. Qxd6 Rxd6 27. Rb8+ Rd8 28. Rxd8+ Kxd8 29. Bxf7 Ke7 30. Bxg6 d3 31. Kf1 Kf6 32. Bf5 Ke5 33. Ke1 Rb8 34. Kd2 Kd4 35. Kc1 Kc3 36. e5 d2+ 37. Kd1 Rb2 0-1

[Event "IECC M email"]
[Site "IECC email"]
[Date "1999.09.27"]
[Round "?"]
[White "Clementi, Renato"]
[Black "Doyle, Stephen"]
[Result "1-0"]
[WhiteElo "1221"]
[BlackElo "1282"]
[PlyCount "55"]
[EventDate "1999.??.??"]
[EventType "tourn (corr)"]
[EventRounds "6"]
[SourceTitle "Corr 2008"]
[Source "ChessBase"]
[SourceDate "2008.06.24"]
[SourceVersion "1"]
[SourceVersionDate "2008.06.24"]
[SourceQuality "1"]

1. d4 d5 2. c4 e6 3. Nc3 Nf6 4. cxd5 exd5 5. Bg5 c6 6. e3 Nbd7 7. Bd3 Be7 8. Nge2 0-0 9. Qc2 Re8 10. 0-0 g6 11. f3 Bf8 12. e4 h6 13. Bh4 Qb6 14. Kh1 Qb4 15. e5 Nh5 16. f4 Ng7 17. f5 gxf5 18. g4 Ne6 19. gxf5 Ng5 20. Rg1 f6 21. e6 Nb8 22. Be1 Bg7 23. Nxd5 Qd6 24. Ndf4 Nf3 25. Rg3 Nxd4 26. Nxd4 Qxd4 27. Qg2 Re7 28. Nh5 1-0

[Event "IECC M email"]
[Site "IECC email"]
[Date "1999.09.27"]
[Round "?"]
[White "Doyle, Stephen"]
[Black "Clementi, Renato"]
[Result "0-1"]
[WhiteElo "1303"]
[BlackElo "1200"]
[PlyCount "88"]
[EventDate "1999.??.??"]
[EventType "tourn (corr)"]
[EventRounds "6"]
[SourceTitle "Corr 2008"]
[Source "ChessBase"]
[SourceDate "2008.06.24"]
[SourceVersion "1"]
[SourceVersionDate "2008.06.24"]
[SourceQuality "1"]

1. e4 e6 2. d4 d5 3. Nc3 Bb4 4. e5 c5 5. a3 Bxc3+ 6. bxc3 Ne7 7. Qg4 Kf8 8. Bd3 Qa5 9. Bd2 Qa4 10. Ra2 b6 11. Nf3 Ba6 12. 0-0 Bxd3 13. cxd3 c4 14. dxc4 Qxc4 15. Rb2 Nbc6 16. Qh5 Qd3 17. Ng5 Qg6 18. Qf3 Na5 19. Rb4 Nec6 20. Rb5 Ke7 21. Bf4 h6 22. Nh3 Nc4 23. a4 Qc2 24. Ra1 Rab8 25. Rbb1 Rhc8 26. Rd1 Rc7 27. Bc1 Ke8 28. Nf4 b5 29. Nh5 Qg6 30. axb5 Rxb5 31. Be3 a5 32. h3 Ra7 33. Kh1 a4 34. Kg1 a3 35. Rdc1 Rb2 36. Rd1 a2 37. Kh2 Nxe3 38. fxe3 Na5 39. Nf4 Qf5 40. Qf1 Nc4 41. Qg1 Qe4 42. Re1 Nd2 43. Ne2 Rb1 44. c4 dxc4 0-1

[Event "IECC CL6-1999.15"]
[Site "IECC email"]
[Date "1999.06.17"]
[Round "?"]
[White "Doyle, Stephen"]
[Black "Olds, George R"]
[Result "0-1"]
[WhiteElo "1290"]
[BlackElo "1378"]
[PlyCount "114"]
[EventDate "1999.??.??"]
[EventType "tourn (corr)"]
[EventRounds "4"]
[SourceTitle "Corr 2008"]
[Source "ChessBase"]
[SourceDate "2008.06.24"]
[SourceVersion "1"]
[SourceVersionDate "2008.06.24"]
[SourceQuality "1"]

1. e4 c5 2. Nf3 d6 3. d4 cxd4 4. Nxd4 Nf6 5. Nc3 a6 6. Bd3 e5 7. Nf3 Be7 8. 0-0 0-0 9. Qe2 Be6 10. Rd1 Nc6 11. Nd5 Bxd5 12. exd5 Nxd5 13. Be4 Nf6 14. Bxc6 bxc6 15. Nxe5 Qc7 16. Nd3 d5 17. Bf4 Bd6 18. Bxd6 Qxd6 19. Qe5 Qxe5 20. Nxe5 Rab8 21. Rab1 Rb6 22. Re1 Re8 23. Nd3 Rxe1+ 24. Rxe1 c5 25. b3 c4 26. Nc5 Rc6 27. b4 a5 28. a3 axb4 29. axb4 Rb6 30. Ra1 Kf8 31. Rb1 Ke7 32. Na4 Ra6 33. Re1+ Kd6 34. Nc3 Rb6 35. b5 Rb7 36. Rd1 Kc5 37. Rb1 Ra7 38. Kf1 Ra8 39. Ke1 d4 40. Ne2 Ne4 41. b6 Nd6 42. Ng3 g6 43. Ne2 Rb8 44. Kd2 Nb5 45. Ra1 Rxb6 46. Ra8 Nd6 47. Ra5+ Rb5 48. Rxb5+ Nxb5 49. h4 Na3 50. Nf4 Nb1+ 51. Kc1 Nc3 52. Kd2 Nd5 53. Nxd5 Kxd5 54. f3 f5 55. g3 Ke5 56. Ke2 h5 57. Ke1 f4 0-1

[Event "IECC Trio 701 email"]
[Site "IECC email"]
[Date "1999.03.13"]
[Round "?"]
[White "Doyle, Stephen"]
[Black "Bass, Stanley"]
[Result "1/2-1/2"]
[WhiteElo "1280"]
[BlackElo "1517"]
[PlyCount "84"]
[EventDate "1999.??.??"]
[EventType "tourn (corr)"]
[EventRounds "4"]
[SourceTitle "Corr 2008"]
[Source "ChessBase"]
[SourceDate "2008.06.24"]
[SourceVersion "1"]
[SourceVersionDate "2008.06.24"]
[SourceQuality "1"]

1. e4 c5 2. Nf3 Nc6 3. d4 cxd4 4. Nxd4 e5 5. Nb5 a6 6. Nd6+ Bxd6 7. Qxd6 Qf6 8. Qxf6 Nxf6 9. Nc3 Nb4 10. Bd3 d5 11. exd5 Nfxd5 12. Nxd5 Nxd5 13. 0-0 0-0 14. Re1 f6 15. Bd2 Rd8 16. Rad1 Bg4 17. f3 Be6 18. c4 Ne7 19. Ba5 Rd7 20. Be4 Rxd1 21. Rxd1 Nc6 22. Bxc6 bxc6 23. b3 Kf7 24. Bb6 a5 25. Rd6 a4 26. Rxc6 axb3 27. Rc7+ Kg8 28. axb3 Ra1+ 29. Kf2 Rb1 30. Re7 Bf5 31. c5 Rxb3 32. h4 Rb2+ 33. Kg1 Kf8 34. Rb7 Rc2 35. Bc7 Ke8 36. Bd6 Bd7 37. Kh2 Re2 38. h5 Rc2 39. Kg3 Rd2 40. Rc7 Kd8 41. Ra7 Ke8 42. Rb7 Rd1 1/2-1/2

[Event "IECC KO email"]
[Site "IECC email"]
[Date "1998.12.13"]
[Round "2"]
[White "Salmi, Erkki"]
[Black "Doyle, Stephen"]
[Result "1-0"]
[WhiteElo "1161"]
[BlackElo "1230"]
[PlyCount "69"]
[EventDate "1998.??.??"]
[EventType "tourn (corr)"]
[EventRounds "6"]
[SourceTitle "Corr 2008"]
[Source "ChessBase"]
[SourceDate "2008.06.24"]
[SourceVersion "1"]
[SourceVersionDate "2008.06.24"]
[SourceQuality "1"]

1. c4 e5 2. Nc3 Nc6 3. g3 g6 4. Bg2 Bg7 5. d3 Nge7 6. Nf3 0-0 7. 0-0 d6 8. Rb1 Bg4 9. b4 Nf5 10. b5 Nce7 11. Nd2 c6 12. h3 Bh5 13. g4 Qa5 14. Nb3 Qb4 15. a3 Qxc3 16. Bd2 Qxb3 17. Rxb3 Nd4 18. Rb1 Bxg4 19. hxg4 Rfb8 20. e3 Ne6 21. bxc6 bxc6 22. Rxb8+ Rxb8 23. Qa4 Rb7 24. Bb4 d5 25. cxd5 cxd5 26. Bxe7 Rxe7 27. Bxd5 h6 28. Bxe6 fxe6 29. Rc1 Kh7 30. Rc8 Rf7 31. Qe8 Rf8 32. Qxe6 Rxc8 33. Qxc8 h5 34. gxh5 gxh5 35. Qa6 1-0

[Event "IECC P email"]
[Site "IECC email"]
[Date "1998.10.01"]
[Round "?"]
[White "Doyle, Stephen"]
[Black "Kirc, Robert S"]
[Result "1-0"]
[WhiteElo "1219"]
[BlackElo "1679"]
[PlyCount "51"]
[EventDate "1998.??.??"]
[EventType "tourn (corr)"]
[EventRounds "6"]
[SourceTitle "Corr 2008"]
[Source "ChessBase"]
[SourceDate "2008.06.24"]
[SourceVersion "1"]
[SourceVersionDate "2008.06.24"]
[SourceQuality "1"]

1. e4 e6 2. d4 d5 3. exd5 exd5 4. Bd3 Bd6 5. Ne2 Nf6 6. 0-0 Nc6 7. Re1 0-0 8. Nbc3 Ng4 9. h3 Nxf2 10. Kxf2 Qf6+ 11. Kg1 Nxd4 12. Bxh7+ Kxh7 13. Qxd4 Be5 14. Qxd5 Be6 15. Qxb7 Bxh3 16. gxh3 Rfd8 17. Qe4+ g6 18. Rf1 Qe7 19. Bf4 Re8 20. Qxe5 Qxe5 21. Bxe5 Rxe5 22. Rxf7+ Kh6 23. Rxc7 a5 24. Rd7 a4 25. Nf4 Rg5+ 26. Kh2 1-0

[Event "IECC M email"]
[Site "IECC email"]
[Date "1998.07.25"]
[Round "?"]
[White "Doyle, Stephen"]
[Black "Richard, Andy"]
[Result "1-0"]
[WhiteElo "1236"]
[BlackElo "981"]
[PlyCount "63"]
[EventDate "1998.??.??"]
[EventType "tourn (corr)"]
[EventRounds "12"]
[SourceTitle "Corr 2008"]
[Source "ChessBase"]
[SourceDate "2008.06.24"]
[SourceVersion "1"]
[SourceVersionDate "2008.06.24"]
[SourceQuality "1"]

1. e4 c5 2. Nf3 d6 3. Bc4 Nf6 4. Nc3 g6 5. Ng5 e6 6. d4 cxd4 7. Qxd4 Bg7 8. Nb5 Qa5+ 9. Bd2 Qb6 10. Qxb6 axb6 11. Nc7+ Ke7 12. Nxa8 Nfd7 13. 0-0-0 Rd8 14. Nxh7 Nf6 15. Nxf6 Bxf6 16. Nxb6 Bd7 17. Bf4 e5 18. Nd5+ Ke6 19. Nxf6+ Kxf6 20. Rxd6+ Kg7 21. Bxe5+ Kf8 22. Rd2 Nc6 23. Bc7 Re8 24. Rxd7 Rxe4 25. Rxf7+ Ke8 26. Bd5 Re2 27. Rh7 Rxf2 28. Re1+ Kf8 29. Bd6+ Ne7 30. Bxe7+ Ke8 31. Bg5+ Kf8 32. Bh6# 1-0

[Event "IECC M email"]
[Site "IECC email"]
[Date "1998.07.12"]
[Round "?"]
[White "Doyle, Stephen"]
[Black "Rumson, Paul"]
[Result "0-1"]
[WhiteElo "1201"]
[BlackElo "1216"]
[PlyCount "76"]
[EventDate "1998.??.??"]
[EventType "tourn (corr)"]
[EventRounds "12"]
[SourceTitle "Corr 2008"]
[Source "ChessBase"]
[SourceDate "2008.06.24"]
[SourceVersion "1"]
[SourceVersionDate "2008.06.24"]
[SourceQuality "1"]

1. d4 Nf6 2. c4 g6 3. Nc3 Bg7 4. e4 d6 5. Be2 0-0 6. Nf3 Nbd7 7. 0-0 c5 8. dxc5 Nxc5 9. Qc2 b6 10. Rd1 Bb7 11. e5 Nfe4 12. Nd5 e6 13. Nb4 a5 14. Nd3 Nxd3 15. Rxd3 d5 16. Be3 Qc7 17. Rb3 Nc5 18. cxd5 Bxd5 19. Rc3 Bxf3 20. Bxc5 bxc5 21. Rxc5 Qxc5 22. Qxc5 Bxe2 23. Qe3 Bc4 24. b3 Bd5 25. Rc1 a4 26. h4 axb3 27. axb3 Rfb8 28. Qf4 Rxb3 29. Rc7 Rb1+ 30. Kh2 Rf8 31. Rc3 Rb2 32. Ra3 h5 33. Kg1 Rc8 34. Ra7 Bb7 35. Qd4 Rc1+ 36. Kh2 Rcc2 37. Qd8+ Kh7 38. Qb8 Be4 0-1

[Event "IECC M email"]
[Site "IECC email"]
[Date "1998.06.26"]
[Round "?"]
[White "Doyle, Stephen"]
[Black "Rumson, Paul"]
[Result "1/2-1/2"]
[WhiteElo "1159"]
[BlackElo "1198"]
[PlyCount "96"]
[EventDate "1998.??.??"]
[EventType "tourn (corr)"]
[EventRounds "12"]
[SourceTitle "Corr 2008"]
[Source "ChessBase"]
[SourceDate "2008.06.24"]
[SourceVersion "1"]
[SourceVersionDate "2008.06.24"]
[SourceQuality "1"]

1. e4 c5 2. Nc3 Nc6 3. g3 g6 4. Bg2 Bg7 5. d3 d6 6. f4 e6 7. Nf3 Nge7 8. 0-0 0-0 9. Be3 b6 10. d4 d5 11. exd5 Nxd5 12. Nxd5 exd5 13. Ne5 Bb7 14. dxc5 Nxe5 15. fxe5 Bxe5 16. c3 Re8 17. Qd2 bxc5 18. Bxc5 Qc7 19. Qf2 Bc6 20. Rad1 Qb7 21. c4 Rad8 22. b4 a6 23. Qf3 f5 24. Rfe1 Qc7 25. Qb3 d4 26. Rxe5 Rxe5 27. Bb6 Qb7 28. Bxd8 Bxg2 29. Bf6 Re2 30. Rxd4 Re1+ 31. Kf2 Rf1+ 32. Ke2 Kf7 33. Be5 Bh3 34. c5+ Ke7 35. Bd6+ Kf6 36. Qd5 Qb5+ 37. Kd2 Rf2+ 38. Kc3 Qe2 39. Rd2 Qe3+ 40. Qd3 Qxd3+ 41. Kxd3 Bf1+ 42. Kc2 Rxd2+ 43. Kxd2 Bb5 44. Kc2 Ke6 45. Kb3 Kd5 46. a4 Bc6 47. a5 Kd4 48. h3 g5 1/2-1/2

[Event "IECC M email"]
[Site "IECC email"]
[Date "1998.06.26"]
[Round "?"]
[White "Doyle, Stephen"]
[Black "Worth, Carl"]
[Result "1-0"]
[WhiteElo "1150"]
[BlackElo "1000"]
[PlyCount "41"]
[EventDate "1998.??.??"]
[EventType "tourn (corr)"]
[EventRounds "12"]
[SourceTitle "Corr 2008"]
[Source "ChessBase"]
[SourceDate "2008.06.24"]
[SourceVersion "1"]
[SourceVersionDate "2008.06.24"]
[SourceQuality "1"]

1. e4 c6 2. d4 d5 3. Nc3 dxe4 4. Nxe4 Bf5 5. Ng3 Bg6 6. h4 h6 7. Nf3 Nd7 8. h5 Bh7 9. Bd3 Ngf6 10. Bxh7 Nxh7 11. Qe2 e6 12. Bd2 Be7 13. 0-0-0 Qb6 14. Ne5 Rd8 15. Rhe1 Nhf6 16. Nxf7 0-0 17. Nxd8 Bxd8 18. Qxe6+ Kh8 19. Bf4 Re8 20. Qd6 Bc7 21. Qxc7 1-0

[Event "IECC M email"]
[Site "IECC email"]
[Date "1998.06.26"]
[Round "?"]
[White "Worth, Carl"]
[Black "Doyle, Stephen"]
[Result "1/2-1/2"]
[WhiteElo "991"]
[BlackElo "1191"]
[PlyCount "74"]
[EventDate "1998.??.??"]
[EventType "tourn (corr)"]
[EventRounds "12"]
[SourceTitle "Corr 2008"]
[Source "ChessBase"]
[SourceDate "2008.06.24"]
[SourceVersion "1"]
[SourceVersionDate "2008.06.24"]
[SourceQuality "1"]

1. e4 c5 2. Nf3 Nc6 3. d4 cxd4 4. Nxd4 Nf6 5. Nc3 d6 6. Bg5 e6 7. Qd2 Be7 8. 0-0-0 0-0 9. Nb3 a6 10. Bxf6 gxf6 11. f4 Na5 12. Ne2 Nxb3+ 13. axb3 Bd7 14. Ng3 Qb6 15. f5 Rac8 16. Bc4 Rfe8 17. Nh5 Kh8 18. Qh6 Rg8 19. Nxf6 Bxf6 20. Qxf6+ Rg7 21. Rhe1 Qa5 22. fxe6 Qa1+ 23. Kd2 Qa5+ 24. c3 Bxe6 25. e5 Bxc4 26. bxc4 dxe5 27. Rxe5 Qd8+ 28. Qxd8+ Rxd8+ 29. Kc1 Rxd1+ 30. Kxd1 Rxg2 31. Kc1 Rg1+ 32. Kc2 f6 33. Re8+ Rg8 34. Re7 Rg7 35. Re8+ Rg8 36. Re7 Rg7 37. Re8+ Rg8 1/2-1/2

[Event "IECC M email"]
[Site "IECC email"]
[Date "1998.03.31"]
[Round "?"]
[White "Boroff, Lawrence"]
[Black "Doyle, Stephen"]
[Result "0-1"]
[WhiteElo "1061"]
[BlackElo "1079"]
[PlyCount "26"]
[EventDate "1998.??.??"]
[EventType "tourn (corr)"]
[EventRounds "12"]
[SourceTitle "Corr 2008"]
[Source "ChessBase"]
[SourceDate "2008.06.24"]
[SourceVersion "1"]
[SourceVersionDate "2008.06.24"]
[SourceQuality "1"]

1. d4 d5 2. c4 dxc4 3. e4 Nf6 4. Nc3 e5 5. dxe5 Qxd1+ 6. Nxd1 Bb4+ 7. Nc3 Nxe4 8. Bd2 Nxd2 9. Kxd2 Be6 10. Nf3 Nc6 11. Re1 0-0-0+ 12. Kc2 Bc5 13. Ne4 Nd4+ 0-1